al-Masalih al-mursalah dalam perundangan Islam dan pelaksanaannya di Kelantan /
Saved in:
| Main Author: | |
|---|---|
| Format: | Thesis Book |
| Language: | Malay |
| Published: |
1985.
|
| Subjects: | |
| Tags: |
Add Tag
No Tags, Be the first to tag this record!
|
| LEADER | 01257cam a2200325 a 4500 | ||
|---|---|---|---|
| 001 | u48748 | ||
| 003 | SIRSI | ||
| 008 | 860927s1985 my t 00 may | ||
| 015 | |a X860000914 | ||
| 035 | |a AAF-2484 | ||
| 040 | |a UMM UMA | ||
| 043 | |a a-my-kn | ||
| 090 | 0 | 0 | |a BP144 |b Mohnd |
| 091 | 0 | 0 | |a Microfiche 9488 |
| 094 | |a BP144 $b Mohnd | ||
| 100 | 0 | 0 | |a Mohd. Noor Idris. |
| 245 | 1 | 3 | |a al-Masalih al-mursalah dalam perundangan Islam dan pelaksanaannya di Kelantan / |c oleh Mohd. Noor bin Deris @ Idris. |
| 260 | |c 1985. | ||
| 300 | |a xiv, 307 leaves ; |c 28 cm. | ||
| 500 | |a elso available on microfiche. Kuala Lumpur : Perpustakaan Universiti Malaya, 1994. 4 microfiches : negative ; 11x15cm | ||
| 500 | |a AIUM | ||
| 502 | |a Dissertation (M.A.) - Fakulti Sastera dan Sains Sosial, Universiti Malaya, 1985. | ||
| 504 | |a Bibliography: leaves 288-307. | ||
| 650 | 0 | |a Islamic law |z Kelantan. | |
| 650 | 0 | |a Islamic law |x Sources. | |
| 710 | 2 | 0 | |a Universiti Malaya. |b Jabatan Pengajian Islam. |
| 948 | |a 16/03/1991 |b 31/05/2002 | ||
| 596 | |a 1 18 | ||
| 999 | |a BP144 MOHND |w LC |c 1 |i A505807470 |d 22/3/2018 |e 22/3/2018 |l STACKS |m P01UTAMA |n 70 |r Y |s Y |t TESIS |u 18/10/1991 | ||
| 999 | |a BP144 MOHND |w LC |c 1 |i A506903131 |d 19/1/2003 |l RESERVES |m P18ISLPURI |n 4 |r Y |s Y |t TESIS |u 25/9/2001 | ||
